Statistics for Five Countries with Longest Perimeter by Continent

Click here to take the quiz!

General Stats

  • This quiz has been taken 627 times
    (174 since last reset)
  • The average score is 27 of 30

Answer Stats

Continent Length (km) Country % Correct
Asia69,461Russia
97%
Asia36,671China
97%
North America146,000Canada
96%
North America81,500United States
96%
Africa7,341Algeria
96%
South America33,400Brazil
96%
Oceania34,100Australia
96%
Europe12,789United Kingdom
96%
Oceania10,300New Zealand
95%
South America15,600Argentina
94%
North America20,000Mexico
94%
South America37,500Chile
93%
Oceania12,020Papua New Guinea
92%
Africa10,767DR Congo
92%
Asia57,546Indonesia
92%
Europe11,412France
92%
South America8,186Peru
92%
North America5,750Cuba
91%
South America9,564Colombia
91%
Europe30,000Norway
90%
Africa7,660South Africa
87%
Oceania2,610Fiji
84%
Asia29,751Japan
83%
Oceania5,313Solomon Islands
82%
Africa7,617Sudan
82%
Asia36,289Philippines
80%
Europe14,904Greece
76%
North America3,780Bahamas
71%
Africa7,243Mali
66%

Score Distribution

Percentile by Number Answered

Percent of People with Each Score

Your Score History

You have not taken this quiz since the last reset